Logische Eliminierung: Zahlen - Klick Quiz - Statistiken

Allgemein
  • Dieses Quiz wurde 225 mal gespielt
    127 seit der letzten Aktualisierung
  • Das Durchschnittsergebnis liegt bei 6 aus 15
Antwortstatistiken
Hint Explanation Antwort % Korrekt
Ich bin die Lösung von x - 2 = 9 11 11
92%
Ich bin die Ordnungszahl von Wasserstoff. 1 1
65%
Ich bin ein Teiler von 14 1, 2, 7, 14 7
52%
Ich starte mit einem Vokal 1, 8, 11 8
45%
Ich beinhalte ein W 2, 12 12
43%
Ich bin 4² - 3² - 2² - 1² 2 2
43%
Ich bin eine Primzahl 2, 3, 5, 7, 11, 13 13
40%
Mein Quadrat erscheint auch in diesem Quiz. 1, 2, 3 3
38%
Drehe mich um 180°, um eine andere Zahl zu erhalten. 6, 9 9
38%
Ich bin die Anzahl der Ecken von einem Tetradekagon 14 14
35%
Ich bin eine ungerade Zahl. 1, 3, 5, 7, 9, 11, 13, 15 15
33%
Ich habe einen Umlaut, aber kein H 5,12 5
33%
Ich bestehe aus einem Buchstaben in röm. Zahlen 1, 5, 10 (I,V,X) 10
30%
Ich bin die verbleibende Nummer 4 4
25%
Ich bin ein Vielfaches von 6. 6, 12 6
23%
Keine übereinstimmenden Quizze gefunden
Verteilung der Resultate
Anzahl Personen mit jedem Resultat
Perzentil nach korrekt beantworteten Fragen
Ihre Resultats-Entwicklung
Sie haben dieses Quiz seit der letzten Aktualisierung nicht gespielt